La república imperial: los Estados Unidos en el mundo, 1945-1972
I tiakina i:
| Kaituhi matua: | |
|---|---|
| Hōputu: | Pukapuka |
| Reo: | Pāniora |
| I whakaputaina: |
Madrid
Alianza
1976
|
| Rangatū: | El Libro de Bolsillo
|
| Ngā marau: | |
| Ngā Tūtohu: |
Tāpirihia he Tūtohu
Kāore He Tūtohu, Me noho koe te mea tuatahi ki te tūtohu i tēnei pūkete!
|
MARC
| LEADER | 00000nam a2200000 a 4500 | ||
|---|---|---|---|
| 001 | UCO1051 | ||
| 003 | CL-VaPUC | ||
| 008 | 000505e19760000SP |||||||||||||||||spa|d | ||
| 082 | 0 | 4 | |a 973.9 |b ARO |2 21 |
| 100 | 0 | |a Aron, Raymond |e author |9 442814 | |
| 245 | 1 | 3 | |a La república imperial: los Estados Unidos en el mundo, 1945-1972 |
| 300 | |a 388 p | ||
| 942 | |c BK | ||
| 945 | |d 20000505 00:00:00 |a crobeson | ||
| 260 | |a Madrid |b Alianza |c 1976 | ||
| 650 | 7 | |a HISTORIA ESTADOUNIDENSE |2 CL-VaPUC |9 350346 | |
| 650 | 0 | |a Posguerra |9 372262 | |
| 650 | 0 | |a Guerra Fría |9 319648 | |
| 650 | 0 | |a Guerra de Vietnam |y 1961-1975 |9 330754 | |
| 650 | 7 | |a PLAN MARSHALL |2 CL-VaPUC |9 437180 | |
| 650 | 0 | |a Política exterior |9 316628 | |
| 650 | 0 | |a Imperialismo |9 258264 | |
| 650 | 0 | |a Anticomunismo |9 442456 | |
| 650 | 7 | |a POLITICA Y GOBIERNO 1945-1972 |2 CL-VaPUC |9 442815 | |
| 651 | 0 | |a Estados Unidos |9 255178 | |
| 583 | |a last modification |c 20000505 00:00:00 |k Rodrigo Vera | ||
| 490 | 0 | |a El Libro de Bolsillo | |
| 999 | |c 287684 |d 287682 | ||
| 952 | |0 0 |1 0 |4 0 |6 973_900000000000000_ARO_1976 |7 0 |8 A |9 334639 |a BIBHIS |b BIBHIS |d 2019-11-20 |i 1273213 |o 973.9 ARO 1976 |p 1273213 |r 2025-01-20 |w 2019-11-20 |y BK |k HIS | ||
| 952 | |0 0 |1 0 |4 0 |6 973_900000000000000_ARO_1976 |7 0 |8 A |9 334640 |a BIBHIS |b BIBHIS |d 2019-11-20 |i 1273221 |o 973.9 ARO 1976 |p 1273221 |r 2025-01-20 |w 2019-11-20 |y BK |k HIS | ||